000 00675cam a2200253 4500
001 J110635
008 000000n2000 000 0 eng u
035 _a(Sirsi) u110635
050 _a333.337
110 _aFPDSavills
_93625
245 _aEast Midlands commercial property survey - Spring 2000
260 _aLondon
_bPFD Savills
_c2000
300 _a1 folded sheet ; 30cm.
650 _aPROPERTY MARKET
650 _aEAST MIDLANDS
650 _aDERBYSHIRE
650 _aLEICESTERSHIRE
650 _aLINCOLNSHIRE
650 _aNOTTINGHAMSHIRE
650 _aINDUSTRIAL PROPERTY
650 _aOFFICES
690 _aPROPERTY-COMMERCIAL PROPERTY
942 _n0
999 _c101115
_d101115